Statistics for Flags of Countries who Hosted the Olympics

Click here to take the quiz!

General Stats

  • This quiz has been taken 62 times
  • The average score is 24 of 25

Answer Stats

Answer% Correct
France
98%
Greece
98%
Nazi Germany
98%
Netherlands
98%
Russia
98%
Sweden
98%
Switzerland
98%
United Kingdom
98%
United States
98%
West Germany
98%
Belgium
96%
Brazil
96%
China
96%
Finland
96%
Italy
96%
Japan
96%
Mexico
96%
Norway
96%
South Korea
96%
Spain
96%
Australia
95%
Austria
95%
Canada
95%
Soviet Union
91%
Yugoslavia
87%

Score Distribution

Percentile by Number Answered

Percent of People with Each Score

Your Score History

You have not taken this quiz